Lịch sử Văn học Nga
Nội dung tài liệu: Khái quát văn học Nga nửa đầu thế kẻ XIX; A.X. Puskin; M.Iu. Lecmôntôp; N.V. Gôgôn; V.G. Bêlinxki; Khái quát văn học Nga nửa sau thế kỉ XIX; N.G.Secnưsepxki; N.A. Nhêcraxôp; I.X. Tuôcghênhep; m.E. Xantưcôp - Xêđrin; P.H.M. Đôxtôiepxki; L. To...
Gardado en:
| Formato: | Libro |
|---|---|
| Idioma: | Undetermined |
| Publicado: |
Hà Nội
Giáo dục Việt Nam
2012
|
| Những chủ đề: | |
| Các nhãn: |
Engadir etiqueta
Sen Etiquetas, Sexa o primeiro en etiquetar este rexistro!
|
| Thư viện lưu trữ: | Trung tâm Học liệu Trường Đại học Cần Thơ |
|---|
| LEADER | 01108nam a2200229Ia 4500 | ||
|---|---|---|---|
| 001 | CTU_220820 | ||
| 008 | 210402s9999 xx 000 0 und d | ||
| 020 | |c 130000 | ||
| 082 | |a 891.7009 | ||
| 082 | |b L302 | ||
| 245 | 0 | |a Lịch sử Văn học Nga | |
| 245 | 0 | |c Đỗ Hồng Chung, ... [et. al] | |
| 260 | |a Hà Nội | ||
| 260 | |b Giáo dục Việt Nam | ||
| 260 | |c 2012 | ||
| 520 | |a Nội dung tài liệu: Khái quát văn học Nga nửa đầu thế kẻ XIX; A.X. Puskin; M.Iu. Lecmôntôp; N.V. Gôgôn; V.G. Bêlinxki; Khái quát văn học Nga nửa sau thế kỉ XIX; N.G.Secnưsepxki; N.A. Nhêcraxôp; I.X. Tuôcghênhep; m.E. Xantưcôp - Xêđrin; P.H.M. Đôxtôiepxki; L. Tônxtôi; A.P. Sêkhôp; Văn học giai đoạn 1900-1916; Văn học giai đoạn 1917-1929... | ||
| 526 | |a Văn học Nga | ||
| 526 | |b SP529 | ||
| 650 | |a Văn học Nga,Russian literature | ||
| 650 | |x Lịch sử và phê bình,History and criticism | ||
| 904 | |i My, Trúc | ||
| 980 | |a Trung tâm Học liệu Trường Đại học Cần Thơ | ||